MARC details
| 000 -BAŞLIK |
| Sabit Uzunlukta Kontrol Alanı |
01282nam a2200301 4500 |
| 999 ## - SİSTEM KONTROL NUMARALARI (KOHA) |
| Koha Biblionumber |
13203 |
| Koha Biblioitemnumber |
13203 |
| 003 - KONTROL NUMARASI IDENTIFIER |
| Denetim Alanı |
MIRAKIL |
| 005 - SON İŞLEM TARİHİ VE ZAMANI |
| Denetim Alanı |
20190429113235.0 |
| 008 - SABİT-BOY VERİ ELEMANLARI - GENEL BİLGİLER |
| Sabit Uzunlukta Kontrol Alanı |
190429b tu ||||| |||| 00| 0 tur d |
| 020 ## - ULUSLARARASI STANDART KİTAP NUMARASI |
| Uluslararası Standart Kitap Numarası |
9786053994978 |
| 040 ## - KATALOGLAMA KAYNAK |
| Orijinal Kataloglama Ajansı |
TR-AnCHP |
| Metne Dönüştürmek Ajansı |
TR-AnCHP |
| 041 ## - DİL KODU |
| Metin / Ses Parça Veya Ayrı Başlığın Dil Kodu |
tur |
| 082 ## - DEWEY ONLU SINIFLANDIRMA NUMARASI |
| Sınıflandırma Numarası |
616.8914 |
| Ürün Numarası |
D34ç 2017 |
| 100 ## - ANA GİRİŞ - KİŞİSEL İSİM |
| Kişisel Ad |
Delgado, Sergio V. |
| 245 10 - BAŞLIK TABLOSU |
| Başlık |
Çocuk ve ergenler için çağdaş psikodinamik psikoterapi : |
| Başlığın Kalan |
Özelliklerarasılık ile sinirbilimi bütünleştirmek / |
| Sorumluluk Tablosu, Vb |
Sergio V. Delgado, Jeffrey R. strawn, Ernest V. Pedapati ; çevirenler Hilal Akekmekçi - Ufuk Tura - Renan Kahyaoğlu |
| 260 ## - YAYIN, DAĞITIM, VB |
| Yayın, Dağıtım, Vb Yeri |
İstanbul : |
| Yayıncı, Dağıtıcı, Vs Adı |
İstanbul Bilgi Üniversitesi Yayınları, |
| Yayın, Dağıtım, Vb Tarihi |
2017. |
| 300 ## - FİZİKSEL TANIM |
| Kapsam |
xxxviii, 480 s.: |
| Diğer Fiziksel Ayrıntıları |
res., grf.; |
| Boyutlar |
23 sm. |
| 490 0# - SERİSİ TABLOSU |
| Seri Beyanı |
İstanbul Bilgi Üniversitesi Yayınları ; |
| -- |
Psikanaliz/psikoloji dizisi ; |
| Hacim / Ardışık Tanımı |
607. |
| Uluslararası Standart Süreli Yayın Numarası |
15. |
| 504 ## - KAYNAKÇA VB NOT |
| Kaynakça Vb Notu |
Kaynakça ve dizin vardır. |
| -- |
Kaynakça bölüm sonlarındadır. |
| 650 #0 - KONU KATMA GİRİŞ - TOPİKAL DÖNEM |
| 9 (RLIN) |
5678 |
| Topikal Süreli Veya Coğrafi Ad Giriş Elemanı |
Psikanaliz |
| Genel Alt Bölümü |
Felsefe |
| 650 #0 - KONU KATMA GİRİŞ - TOPİKAL DÖNEM |
| 9 (RLIN) |
5679 |
| Topikal Süreli Veya Coğrafi Ad Giriş Elemanı |
Çocuk psikopatolojisi |
| 650 #0 - KONU KATMA GİRİŞ - TOPİKAL DÖNEM |
| 9 (RLIN) |
5680 |
| Topikal Süreli Veya Coğrafi Ad Giriş Elemanı |
Çocuklar için psikodinamik psikoterapi |
| 700 ## - KATMA GİRİŞ - KİŞİSEL İSİM |
| 9 (RLIN) |
5681 |
| Kişisel Ad |
Strawn, Jeffrey R. |
| 700 ## - KATMA GİRİŞ - KİŞİSEL İSİM |
| 9 (RLIN) |
5682 |
| Kişisel Ad |
Pedapati, Ernest V. |
| 700 ## - KATMA GİRİŞ - KİŞİSEL İSİM |
| 9 (RLIN) |
5683 |
| Kişisel Ad |
Akekmekçi, Hilal |
| Relator Terim |
çev. |
| 700 ## - KATMA GİRİŞ - KİŞİSEL İSİM |
| 9 (RLIN) |
5684 |
| Kişisel Ad |
Tura, Ufuk |
| Relator Terim |
çev. |
| 700 ## - KATMA GİRİŞ - KİŞİSEL İSİM |
| 9 (RLIN) |
5685 |
| Kişisel Ad |
Kahyaoğlu, Renan |
| Relator Terim |
çev. |
| 942 ## - EKLENDİ GİRİŞ ELEMANLARI (KOHA) |
| Sınıflandırma Veya Raf Düzeni Kaynak |
Dewey Decimal Classification |
| Koha Öğesi Türü |
Books |